000 00841 a2200241 4500
001 60426
005 20260407155855.0
008 260407a2003 arg spa d
003 AR-UNSa-BCEJYS
040 _aAR-UNSa-BCEJYS
_bspa
_cAR-UNSa-BCEJYS
080 _a304.4(82)
_xAspectos generales de las políticas y prácticas sociales y culturales en Argentina (política social)
245 1 0 _aPrograma: "La deuda social argentina"
264 1 _aBuenos Aires :
_bPontificia Universidad Católica Argentina
_c2003
300 _a3 v.
_c20 cm.
041 _aspa
942 _cBK
590 _aniveau_biblio:m niveau_hierar:0
100 1 _aUniversidad Católica Argentina. Instituto para la Integración del Saber
700 1 _aSalvia, Agustín
700 1 _aRubio, Alberto
700 1 _aMourtagh, Ricardo
700 1 _aEstévez, Alejandro M.
999 _c6979
_d6979